Statistics for Jump between cities with at least 3,000,000 people

Click here to take the quiz!

General Stats

  • This quiz has been taken 467 times
  • The average score is 8 of 71

Answer Stats

Distance (km)Name% Correct
636Moscow
87%
3,355Saint Petersburg
85%
1,613Berlin
64%
935London
60%
1,263Madrid
53%
834Casablanca
43%
330Seoul
37%
117Lagos
29%
2,399Kinshasa
20%
1,870Bogota
18%
2,459Lima
14%
358Sao Paolo
14%
8,835Tokyo
13%
6,073Rio de Janeiro
13%
1,674Buenos Aires
13%
1,140Santiago
12%
1,305Delhi
11%
1,059Beijing
11%
2,899Kano
11%
965Busan
10%
30Hong Kong
10%
27Yokohama
9%
2,908Singapore
8%
1,091Alexandria
8%
1,274Cape Town
8%
719Ibadan
8%
2,490Los Angeles
7%
3,422New York City
6%
211Dhaka
6%
3,259Mexico City
6%
510Harbin
6%
247Shanghai
6%
108Tianjin
6%
5,202Melbourne
6%
714Sydney
6%
978Guangzhou
5%
364Shenyang
5%
425Lahore
4%
741Bangkok
4%
105Shenzhen
4%
3,274Durban
4%
842Bangalore
3%
439Mumbai
3%
1,086Karachi
3%
353Istanbul
3%
1,613Ho Chi Minh City
3%
598Ahmedabad
2%
585Kabul
2%
504Toronto
2%
762Chittagong
2%
248Xi'an
2%
576Yangon
2%
534Montreal
2%
1,697Ankara
2%
292Chennai
2%
144Chongqing
2%
695Tehran
2%
267Wuhan
2%
1,946Manila
2%
985Baghdad
1%
12,777Riyadh
1%
271Nanjing
1%
598Chengdu
1%
515Puyang
0%
194Nanchong
0%
238Lanzhou
0%
295Tianshui
0%
203Zhumadian
0%
298Kaifeng
0%
328Tai'an
0%
175Yueyang
0%

Score Distribution

Percentile by Number Answered

Percent of People with Each Score

Your Score History

You have not taken this quiz